00755nam a2200205Ia 4500003000900000008004100009020001800050040001600068080001600084245012800100260003400228300001600262490003900278650002900317650001500346700003000361942000700391999001700398952013400415IN-BaIIA211028s9999 xx 000 0 eng d a3-540-67073-4 cIIA Library a530.12bEIN 0aEinstein's field equations and their physical implicationscedited by B. G. Schmidt  aBerlinbSpringer-Verlagc2000 axiii, 433p. aLecture notes in physics; vol. 540 aGeneral relativity93824 aRelativity aSchmidt, B. G., ed924069 cBK c13699d13699 00104070aBANbBANcGENd2000-09-02eANJ g3307.80l0o530.12/ EINp14618r2021-11-05v3307.80w2000-09-02yBKGRs. 3307.80